| 000 | 00550 a2200181 4500 | ||
|---|---|---|---|
| 999 |
_c190768 _d190768 |
||
| 005 | 20220804125629.0 | ||
| 010 | _aENG-134246 | ||
| 020 |
_c180.00 _a9788175416499 |
||
| 035 | _aEN-117778 | ||
| 037 | _bDBAD/PUB | ||
| 082 | _a307.772 | ||
| 245 |
_aChild Schooling in India/ _cedited by Pankaj Das |
||
| 260 |
_aDelhi _bShipra Publications _c2012 |
||
| 270 |
_aLG 18-19,Pankaj Central Market, I.P.Ext.Patparganj, _bDelhi _e110092 |
||
| 300 |
_ax;172p. _c22cm(pbk) |
||
| 700 | _aDas,Pankaj | ||
| 942 |
_adpl _cEN _2ddc _h307.772 _mCHI |
||